000 01223nam a2200241Ia 4500
003 OSt
005 20200818141630.0
008 191128s9999 xx 000 0 und d
020 _a9789585880139
040 _aCO-JMCR
_cCO-JMCR
041 0 _aspa
082 0 4 _a345.86 /
_bC718d
_223
110 2 _aColombia.
_bMinisterio de Agricultura y Desarrollo Rural
_bUnidad Administrativa Especial de Gestión de Restitución de Tierras Despojadas
_98856
245 1 0 _aDiálogos técnicos de política :
_brestitución de tierras ley 1448 de 2011, memorias /
_cUnidad de Restitución de tierras
250 _aPrimera edición
260 _aBogotá :
_bMinisterio de Agricultura y Desarrollo Rural,
_c2015
300 _a198 páginas ;
_c20 cm.
505 0 _aPrimer diálogo técnico de política: restitución de tierras tras dos años de implementación -- Segundo diálogo técnico sobre la política de restitución de tierras -- Tercer diálogo técnico de política de restitución de tierras
650 1 4 _aRestitución de tierras
_xaspectos jurídicos
_zColombia
_98857
650 1 4 _aVíctimas de delitos
_xaspectos jurídicos
_zColombia
_98858
650 2 4 _aReparación (Justicia penal)
_zColombia
_98859
942 _2ddc
_cBK
999 _c3677
_d3677